| 000 | 01663nam a2200373 c 4500 | ||
|---|---|---|---|
| 003 | BLK | ||
| 005 | 20180810143736.0 | ||
| 008 | 180412b bul|||||r ||||||| ||bul|| | ||
| 010 | _aKNG00007089000 | ||
| 020 |
_a954-9964-16-7 _bиздат.: Класика и стил |
||
| 040 | _aBLK | ||
| 041 |
_aBUL _cBUL |
||
| 080 |
_aМетоди на управление. Мениджмънт. Анализи, планиране, ръководство, сътрудничество, контрол, коопериране и др. _b005.5 _x _z005.5 |
||
| 100 | 1 |
_aДракър, Питър Фердинанд _eпърви автор _965284 |
|
| 700 | 1 |
_aТрифонов, Тинко _eпрев. от англ. _9363625 |
|
| 139 |
_aДракър, Питър Фердинанд _bД 87 |
||
| 245 | 1 | 0 |
_aПрактика на мениджмънта _cПитър Фердинанд Дракър; прев. от англ. Тинко Трифонов. |
| 257 | _aUSA | ||
| 260 |
_аСофия _bКласика и стил _c2001 _fВ. Търново : Абагар АД |
||
| 300 |
_a472 с. _c22 см |
||
| 380 | _a62 | ||
| 490 | 1 | _aДостъпно бизнес познание | |
| 500 | _aОриг. загл. The Practice of Managment / Peter F. Drucker. - Азб. показалец. | ||
| 650 | 4 |
_aУправление - теория _9245497 |
|
| 650 | 4 |
_aОрганизация на управлението _9250731 |
|
| 650 | 4 |
_aУправленски труд _9244358 |
|
| 653 | _aмениджмънт | ||
| 653 | _aпрактика | ||
| 852 | _aЦб 210729 | ||
| 856 | 4 |
_qpdf _u |
|
| 856 | 4 |
_qpdf _u |
|
| 942 |
_cKNG _n0 _01 |
||
| 944 |
_aCR _c15.01.2003 _kКети_Илиева |
||
| 944 |
_aED _c27.11.2012 _k |
||
| 999 |
_c5879 _d5879 |
||